000 00783cab a2200241 4500
001 ABS57833
008 090401t1997 xxu||||| |||| 00| 0 eng d
035 _a(Sirsi) u81911
041 _aeng
245 _aValue of theory and practice
260 _c1997
350 _a0
490 _aEstates Gazette
_v(9744) 1 November 1997, 195-198(4)
520 _aA Mainly for Students article looking at valuing secondary investment properties as opposed to prime. Includes calculations and outlines some of the key factors influencing yield selection.
650 _aCALCULATIONS
650 _aINVESTMENT
650 _aSECONDARY INVESTMENTS
650 _aSECONDARY PROPERTIES
650 _aValuation
_96273
690 _aRATING AND VALUATION
942 _n0
948 _c04/11/1997
999 _c51652
_d51652